Statistics for Chief Ministers of India

Click here to take the quiz!

General Stats

  • This quiz has been taken 15 times
  • The average score is 5 of 30

Answer Stats

StateChief Minister% Correct
BiharNitish Kumar
80%
Andhra PradeshYeduguri Sandinti Jaganmohan Reddy
50%
KeralaPinarayi Vijayan
30%
PunjabAmarinder Singh
20%
RajasthanAshok Gehlot
20%
ChhatisgarhBhupesh Baghel
20%
JharkhandHemant Soren
20%
HaryanaManohar Lal Khattar
20%
OdishaNaveen Patnaik
20%
Arunachal PradeshPema Khandu
20%
GoaPramod Sawant
20%
AssamSarbananda Sonowal
20%
UttarakhandTrivendra Singh Rawat
20%
Uttar PradeshAjay Singh Bisht (Yogi Adityanath)
10%
DelhiArvind Kejrivaal
10%
TripuraBiplab Kumar Deb
10%
KarnatakaBookanakere Siddalingappa Yediyurappa
10%
Himachal PradeshJai Ram Thakur
10%
TelanganaKalvakuntla Chandrashekhar Rao
10%
West BengalMamata Banerjee
10%
NagalandNeiphiu Rio
10%
ManipurNongthombam Biren Singh
10%
SikkimPrem Singh Tamang
10%
Madhya PradeshShivraj Shingh Chouhan
10%
MaharashtraUddhav Thackeray
10%
GujaratVijai Rupani
10%
MeghalayaConrad Sangma
0%
Tamil NaduKaruppa Gounder Palanisamy
0%
PuducherryVelu Narayanasamy
0%
MizoramZoramthanga
0%

Score Distribution

Percentile by Number Answered

Percent of People with Each Score

Your Score History

You have not taken this quiz